000 00851nam a2200229Ii 4500
003 JO-AjNU
008 230605s9999||||xx |||||||||||||| ||und||
017 _a2008/8/2739
020 _a978-9957-22-275-8
040 _aJO-AjNU
_bara
_erda
_cJO-AjNU
041 _aara
050 1 4 _aDS154.22.M67 2009
100 3 _aتأليف المطور، عزام ابو الحمام,
_eauthor
_960332
245 0 0 _aالانباط: تاريخ وحضارة
250 _aالطبعة الاولى
264 3 1 _aعمان: دار اسامة للنشر والتوزيع، 2009
300 _a288ص
_b ويحتوي على قائمة مراجع وصور من ص262-ص288
336 _atext
_btxt
_2rdacontent
337 _aunmediated
_bn
_2rdamedia
338 _avolume
_bnc
_2rdacarrier
650 4 _aالانباط -التاريخ القديم- الاردن
_960333
999 _aA27199
_c30767
_d30767